Footballers by pictures #11 - Statistics

General Stats
  • This quiz has been taken 25 times
  • The average score is 11 of 20
Answer Stats
Picture Answer % Correct
Michael Laudrup
77%
Andrej Kramarić
73%
Georginio Wijnaldum
73%
Memphis Depay
73%
Saúl
73%
Alex Sandro
68%
César Azpilicueta
68%
Ander Herrera
64%
Alex Telles
59%
Ante Rebić
59%
Fernandinho
59%
Frank de Boer
59%
Sead Kolašinac
59%
Abédi Pelé
50%
Dani Ceballos
50%
Julio Enciso
50%
Phil Neville
50%
Rob Holding
41%
Nicky Butt
23%
Phillip Cocu
18%
No matching quizzes found
Score Distribution
Percent of People with Each Score
Percentile by Number Answered
Your Score History
You have not taken this quiz